利未記 Liwei ji = Leviticus {ch} / (Record no. 32415)
[ view plain ]
| 000 -LEADER | |
|---|---|
| fixed length control field | 01061nam a2200265 4500 |
| 008 - FIXED-LENGTH DATA ELEMENTS--GENERAL INFORMATION | |
| fixed length control field | 081027s2002 ch 000 0 chi d |
| 020 ## - INTERNATIONAL STANDARD BOOK NUMBER | |
| International Standard Book Number | 9575877519 :NT290/174/Php261/gift :Taipei Christian Linshun South Road Church |
| 020 ## - INTERNATIONAL STANDARD BOOK NUMBER | |
| International Standard Book Number | 9789575877514 |
| 090 ## - LOCALLY ASSIGNED LC-TYPE CALL NUMBER (OCLC); LOCAL CALL NUMBER (OCLC) | |
| Classification number (OCLC) (R) ; Classification number, CALL (RLIN) (NR) | BS1158.C5 |
| Local cutter number (OCLC) ; Book number/undivided call number, CALL (RLIN) | T97 |
| -- | Lev |
| 100 1# - MAIN ENTRY--PERSONAL NAME | |
| Personal name | Harrison, R. K. |
| Fuller form of name | (Roland Kenneth) |
| 240 10 - UNIFORM TITLE | |
| Uniform title | Leviticus. |
| Language of a work | Chinese |
| 245 10 - TITLE STATEMENT | |
| Title | 利未記 Liwei ji = Leviticus {ch} / |
| Statement of responsibility, etc | Halixun zhu ; Zhang Xinwei yi. |
| 260 ## - PUBLICATION, DISTRIBUTION, ETC. (IMPRINT) | |
| Place of publication, distribution, etc | Taibei Shi : |
| Name of publisher, distributor, etc | Xiao yuan shu fang, |
| Date of publication, distribution, etc | c2002. |
| 300 ## - PHYSICAL DESCRIPTION | |
| Extent | 276 p. ; |
| Dimensions | 21 cm. |
| 490 ## - SERIES STATEMENT | |
| Series statement | Dingdao'er jiu yue sheng jing zhu shi = |
| -- | Tyndale Old Testament commentaries |
| 490 ## - SERIES STATEMENT | |
| Series statement | Yan jing cong shu |
| 500 ## - GENERAL NOTE | |
| General note | Originally published in English as Tyndale Old Testament Commentaries : Leviticus by Inter Varsity Press, c1980. |
| 504 ## - BIBLIOGRAPHY, ETC. NOTE | |
| Bibliography, etc | Includes bibliographical references. |
| 630 04 - SUBJECT ADDED ENTRY--UNIFORM TITLE | |
| Uniform title | Bible. |
| Name of part/section of a work | O.T. |
| -- | Leviticus |
| Form subdivision | Commentaries {ch}. |
| 951 ## - EQUIVALENCE OR CROSS-REFERENCE-GEOGRAPHIC NAME/AREA NAME [OBSOLETE] [CAN/MARC only] | |
| General subdivision | 00037029 |
| 700 1# - ADDED ENTRY--PERSONAL NAME | |
| Personal name | Zhang, Xinwei. |
| 830 #0 - SERIES ADDED ENTRY--UNIFORM TITLE | |
| Uniform title | Dingdao'er jiu yue sheng jing zhu shi. |
| 942 ## - ADDED ENTRY ELEMENTS (KOHA) | |
| Source of classification or shelving scheme | Library of Congress Classification |
| Item type | Books |
| Koha issues (borrowed), all copies | 1 |
| Withdrawn status | Lost status | Source of classification or shelving scheme | Damaged status | Not for loan | Home library | Current library | Shelving location | Date acquired | Accession number | Shelving control number | Total Checkouts | Full call number | Barcode | Date last seen | Date last borrowed | Price effective from | Koha item type | Source of acquisition | Copy number |
|---|---|---|---|---|---|---|---|---|---|---|---|---|---|---|---|---|---|---|---|
| Library of Congress Classification | BSOP Library | BSOP Library | Chinese Books (General Circulation) | 12/21/2000 | C-9008 | 127 | 1 | BS1158.C5 T97 Lev | 00037029 | 10/10/2015 | 09/19/2015 | 02/23/2013 | Books | ||||||
| Library of Congress Classification | BSOP Library | BSOP Library | Reference Chinese | 07/24/2015 | C-5730 | BS1158.C5 T97 Lev | 00030212 | 07/24/2015 | 07/24/2015 | Books | |||||||||
| Library of Congress Classification | BSOP Library | BSOP Library | Chinese Books (General Circulation) | 07/24/2015 | C-13848 | BS1158.C5 T97 Lev c.2 | 00046249 | 07/24/2015 | 07/24/2015 | Books | gift : Brother Daniel | c.2 |
